000
00287nam a2200121Ia 4500
008
220216s9999 xx 000 0 und d
100
_a
Mathew Moly
245
0
_a
RRII 414 oru highrange vijayagadha
260
_b
Rubber
_c
2013
300
_a
22
700
_a
Joseph Salikutti
942
_c
JS
999
_c
67295
_d
67295